000 00363nam a22001457a 4500
005 20160212103200.0
008 160212b xxu||||| |||| 00| 0 eng d
040 _cPK-LaUMT
082 _aAMC 956.046
_bHEI-R
100 _aHeikal, Muhammad
245 _aThe road to Ramadan
_cMuhammad Heikal
260 _aLondon
_bCollins
_c1975
300 _a285 p.
942 _cBK
999 _c82746
_d82746